[Event "Rasht Khazar op 15th"]
[Site "Rasht"]
[Date "2017.01.21"]
[Round "2"]
[White "Valizadeh, Ali"]
[Black "Tabatabaei, Mohammad Amin"]
[Result "1-0"]
[WhiteElo "2273"]
[BlackElo "2493"]
[PlyCount "89"]
[EventDate "2017.01.20"]
[EventType "swiss"]
[EventRounds "9"]
[EventCountry "IRI"]
[SourceTitle "CBM 176 Extra"]
[Source "ChessBase"]
[SourceDate "2017.03.02"]
[SourceVersion "1"]
[SourceVersionDate "2017.03.02"]
[SourceQuality "1"]

1. d4 Nf6 2. c4 g6 3. Nc3 Bg7 4. Nf3 0-0 5. g3 d6 6. Bg2 Nc6 7. 0-0 a6 8. b3 Rb8 9. d5 Na5 10. Bd2 c5 11. dxc6 Nxc6 12. Rc1 Bd7 13. Ng5 b5 14. cxb5 axb5 15. Nxb5 Rxb5 16. Bxc6 Bxc6 17. Rxc6 h6 18. Nf3 Qd7 19. Rc4 Rh5 20. Rh4 Rxh4 21. Nxh4 g5 22. Ng2 Ne4 23. Qc2 d5 24. Rc1 f5 25. f3 Nxd2 26. Qxd2 e6 27. Ne1 g4 28. f4 h5 29. Nd3 h4 30. gxh4 Qe7 31. Qe3 Re8 32. Rc6 d4 33. Qg3 Bf6 34. h5 Kh8 35. Qe1 Qf7 36. Qc1 g3 37. hxg3 Rg8 38. Rc8 Bd8 39. Qc5 Kh7 40. Kg2 Qg7 41. Kf1 Qxg3 42. Qxd4 Qh4 43. Nf2 Bb6 44. Qxb6 Rg7 45. Qd8 1-0

[Event "Sardaran op 5th"]
[Site "Urmia"]
[Date "2016.07.23"]
[Round "3"]
[White "Valizadeh, Ali"]
[Black "Mousavi, Seyed Khalil"]
[Result "1/2-1/2"]
[WhiteElo "2267"]
[BlackElo "2432"]
[PlyCount "93"]
[EventDate "2016.07.22"]
[EventType "swiss"]
[EventRounds "9"]
[EventCountry "IRI"]
[SourceTitle "CBM 173 Extra"]
[Source "ChessBase"]
[SourceDate "2016.08.29"]
[SourceVersion "1"]
[SourceVersionDate "2016.08.29"]
[SourceQuality "1"]

1. Nf3 Nf6 2. g3 d5 3. Bg2 e6 4. 0-0 Be7 5. d3 0-0 6. Nbd2 Nc6 7. e4 dxe4 8. dxe4 e5 9. c3 a5 10. Nc4 Nxe4 11. Ncxe5 Qxd1 12. Rxd1 Bc5 13. Nxc6 Bxf2+ 14. Kf1 bxc6 15. Ne5 f5 16. c4 c5 17. Nf3 a4 18. Bf4 Rb8 19. b3 axb3 20. axb3 Rxb3 21. Nd2 Nxd2+ 22. Kxf2 Ne4+ 23. Kg1 Be6 24. Bf1 h6 25. Bxc7 Rf7 26. Bf4 Rb4 27. Rac1 Ra7 28. Rc2 Rd7 29. Rxd7 Bxd7 30. Bg2 Be6 31. Bxe4 fxe4 32. Be3 Bxc4 33. Bxc5 Rb1+ 34. Kf2 Bd3 35. Ra2 g5 36. Bd4 Rd1 37. Ke3 Kf7 38. Rf2+ Ke6 39. Bg7 h5 40. Bh6 g4 41. Bg7 Rb1 42. Bc3 Rb3 43. Kd4 e3 44. Rb2 Rxb2 45. Bxb2 e2 46. Bc3 Ba6 47. Be1 1/2-1/2

[Event "IRI-ch"]
[Site "Zahedan"]
[Date "2012.12.08"]
[Round "2"]
[White "Valizadeh, Ali"]
[Black "Maghsoodloo, Parham"]
[Result "1/2-1/2"]
[WhiteElo "2207"]
[BlackElo "2030"]
[PlyCount "131"]
[EventDate "2012.12.07"]
[EventType "swiss"]
[EventRounds "11"]
[EventCountry "IRI"]
[SourceTitle "EXT 2014"]
[Source "ChessBase"]
[SourceDate "2013.11.20"]
[SourceVersion "1"]
[SourceVersionDate "2013.11.20"]
[SourceQuality "1"]

1. d4 Nf6 2. c4 e6 3. g3 d5 4. Bg2 c6 5. Nc3 Bb4 6. cxd5 exd5 7. a3 Bxc3+ 8. bxc3 Nbd7 9. Nh3 Nb6 10. f3 0-0 11. Nf2 Re8 12. 0-0 Bf5 13. Re1 Nc4 14. e4 dxe4 15. fxe4 Be6 16. Nd3 Qa5 17. Qc2 b6 18. Bf4 Rac8 19. a4 Qh5 20. Qe2 Qa5 21. Qc2 Qh5 22. Nf2 Qg6 23. Qd3 Na5 24. Qf3 Nd7 25. g4 f6 26. h4 Bc4 27. Kh2 Nf8 28. Bh3 Rcd8 29. g5 Be6 30. Ng4 Nd7 31. d5 cxd5 32. exd5 Bxg4 33. Bxg4 Qc2+ 34. Kg3 f5 35. Bh3 Nc5 36. Rac1 Ne4+ 37. Rxe4 Qxe4 38. Qxe4 fxe4 39. c4 Nb3 40. Re1 Nc5 41. Bc7 Ra8 42. d6 Rad8 43. Bxd8 Rxd8 44. Rd1 Nb7 45. d7 Kf7 46. Kf4 Nc5 47. h5 Ke7 48. Bf5 h6 49. gxh6 gxh6 50. Rg1 Rf8 51. Ke5 e3 52. Re1 Nxd7+ 53. Kf4 Nc5 54. Rxe3+ Kf7 55. a5 Rd8 56. axb6 axb6 57. Rg3 Rd4+ 58. Ke5 Rh4 59. Bg6+ Ke7 60. Kd5 Ne6 61. Rf3 Nf4+ 62. Kc6 Nxg6 63. hxg6 Rxc4+ 64. Kxb6 Rg4 65. Kc5 Rxg6 66. Kd5 1/2-1/2

[Event "World ol U16 10th"]
[Site "Kocaeli"]
[Date "2011.10.25"]
[Round "2.16"]
[White "Valizadeh, Ali"]
[Black "Nikologorskiy, Konstantin"]
[Result "1/2-1/2"]
[WhiteElo "2187"]
[BlackElo "2308"]
[PlyCount "80"]
[EventDate "2011.10.24"]
[EventType "team-swiss"]
[EventRounds "10"]
[EventCountry "TUR"]
[SourceTitle "EXT 2012"]
[Source "ChessBase"]
[SourceDate "2011.11.24"]
[SourceVersion "1"]
[SourceVersionDate "2011.11.24"]
[SourceQuality "1"]
[WhiteTeam "Iran"]
[BlackTeam "Russia"]
[WhiteTeamCountry "IRI"]
[BlackTeamCountry "RUS"]

1. d4 d5 2. c4 c6 3. Nc3 Nf6 4. Nf3 a6 5. e3 b5 6. b3 Bg4 7. Qc2 e6 8. Bd3 Nbd7 9. c5 Qc7 10. Bb2 Bxf3 11. gxf3 e5 12. Ne2 g6 13. a4 b4 14. a5 Bg7 15. Ra4 0-0 16. Rxb4 Qxa5 17. Bc3 exd4 18. exd4 Qc7 19. Ra4 Nh5 20. Bd2 Rfe8 21. Kf1 Nf8 22. h4 Ne6 23. Kg2 Qe7 24. Qc1 Bf6 25. Ng3 Nxg3 26. fxg3 Nxd4 27. Re1 Qd7 28. Rxe8+ Rxe8 29. Qd1 Nf5 30. Qc1 Be5 31. Bf4 Bxf4 32. Qxf4 Ng7 33. Rxa6 Qe6 34. Ra7 h5 35. Qd6 Qxd6 36. cxd6 Rd8 37. d7 Ne6 38. b4 Kf8 39. Ra6 Rxd7 40. Rxc6 Rb7 1/2-1/2